000 00331 a2200157 4500
001 150131
040 _cEscola São Tomás de Aquino
100 _aBEATRIZ, Elza
240 1 0 _aPare no P da poesia
_lpor
245 1 0 _aPare no P da poesia
300 _a36
362 0 _a2013
440 1 _aFTD
697 _aPoesia
942 _cBK
999 _c150131
_d150131